Un Marit ideal / Oscar Wilde ; traducció de Jordi Sala
Descripción Física:
150 p. ; 18 cm
Otros Autores:
Sala Lleal, Jordi, 1967-
MARC
| LEADER | 00000nam a2200000Ia 4500 | ||
|---|---|---|---|
| 001 | 12410 | ||
| 008 | 160829s1999 xx 000 0 cat d | ||
| 080 | |a L-1-195 | ||
| 100 | 1 | |a Wilde, Oscar, |d 1854-1900 |e autor |9 26926 | |
| 245 | |a Un Marit ideal / Oscar Wilde ; traducció de Jordi Sala | ||
| 260 | |a Barcelona : |b Institut del Teatre. Diputació de Barcelona, |c 1999 | ||
| 300 | |a 150 p. ; |c 18 cm | ||
| 490 | |a Col·lecció popular de teatre clàssic universal ; 54 | ||
| 590 | |a Premi Josep M. de Sagarra 1997 | ||
| 700 | 1 | |a Sala Lleal, Jordi, |d 1967- |e traductor |9 22882 | |
| 710 | 1 | |a Institut del Teatre (Barcelona, Catalunya) |9 52662 | |
| 901 | |a Arxiu | ||
| 942 | |n 1 |2 udc | ||
| 952 | |0 0 |1 0 |4 0 |6 L1195 |7 1 |9 46528 |a Arxiu |b Arxiu |d 2016-12-01 |l 0 |o L-1-195 |p 12410 |r 2016-12-01 00:00:00 |w 2016-12-01 |y ARXIU | ||
| 999 | |c 50319 |d 50319 | ||